[Event "RUS-chT U20"]
[Site "Kolomna"]
[Date "2014.08.06"]
[Round "5"]
[White "Rodionova, Daria"]
[Black "Ikonnikova, Maria"]
[Result "1-0"]
[WhiteElo "2083"]
[BlackElo "1720"]
[PlyCount "55"]
[EventDate "2014.08.02"]
[EventType "swiss"]
[EventRounds "9"]
[EventCountry "RUS"]
[SourceTitle "EXT 2016"]
[Source "ChessBase"]
[SourceDate "2015.10.08"]
[SourceVersion "1"]
[SourceVersionDate "2015.10.08"]
[SourceQuality "1"]

1. e4 e5 2. Nf3 Nc6 3. Bb5 a6 4. Ba4 Nf6 5. 0-0 b5 6. Bb3 Bc5 7. c3 d6 8. d4 Bb6 9. Be3 Bg4 10. Nbd2 exd4 11. cxd4 Bxd4 12. Bxf7+ Kxf7 13. Qb3+ Ke8 14. Nxd4 Nxd4 15. Bxd4 Qe7 16. e5 dxe5 17. Bxe5 Be6 18. Qg3 Rc8 19. Rfe1 Rf8 20. Nf3 Nh5 21. Qg5 Rf5 22. Qe3 Rf8 23. Ng5 h6 24. Nxe6 Qxe6 25. Qe2 g6 26. g4 Rg8 27. Qf3 Qf7 28. Bg7+ 1-0